000 00791nam a2200205 i 4500
001 170035
003 ES-MaACL
005 20230906214252.0
008 090116s1950 fr |||| | fre d
080 _a17.036.2
100 1 _aVirieux-Reymond, Antoinette.
_9115459
245 1 3 _aLa logique et l'épistémologie des stoïciens
_b: leurs rapports avec la logique d'Aristote, la logistique et la pensée contemporaines /
_cAntoinette Virieux-Reymond ; avec une préface de M. Émile Bréhier.
260 _aChambéry :
_bLire,
_c[1950]
300 _aVI, 331 p. ;
_c25 cm.
504 _aBibliografía.
650 0 4 _aEstoicismo.
_912555
650 0 4 _aEstoicos.
_912556
700 1 _aBréhier, Émile.
_9148586
852 1 _aBA
_jE-12385
_9R.140550
_z. - Biblioteca Jacinto Martínez Lacalle
999 _c170035
_d170035